Countries with an "X factor" Series - Statistics

General Stats
  • This quiz has been taken 29 times
  • The average score is 31 of 44
Answer Stats
Country % Correct
Australia
100%
France
96%
Spain
96%
United Kingdom
96%
United States
96%
Brazil
92%
Finland
92%
Italy
92%
Russia
92%
Germany
88%
Norway
88%
Sweden
88%
Belgium
83%
Denmark
83%
Netherlands
83%
Portugal
83%
China
79%
New Zealand
79%
India
75%
Japan
75%
Poland
75%
South Africa
75%
Chile
71%
Indonesia
71%
Ukraine
71%
Colombia
67%
Hungary
67%
Turkey
67%
Armenia
63%
Romania
63%
Iceland
58%
Israel
58%
Lithuania
58%
Philippines
58%
Thailand
58%
Vietnam
58%
Czech Republic
54%
Bulgaria
46%
Georgia
46%
Slovenia
42%
Ecuador
38%
Kazakhstan
38%
Myanmar
25%
Cambodia
21%
No matching quizzes found
Score Distribution
Percent of People with Each Score
Percentile by Number Answered
Your Score History
You have not taken this quiz